El libro de los valores / (Registro nro. 15466)
[ vista simple ]
| 000 -LEADER | |
|---|---|
| fixed length control field | 01052nam a22002417a 4500 |
| 003 - CONTROL NUMBER IDENTIFIER | |
| control field | OSt |
| 005 - DATE AND TIME OF LATEST TRANSACTION | |
| control field | 20210323130147.0 |
| 008 - FIXED-LENGTH DATA ELEMENTS--GENERAL INFORMATION | |
| fixed length control field | 210323t2002 ck a|||gr|||| 00| 0 spa d |
| 020 ## - INTERNATIONAL STANDARD BOOK NUMBER | |
| International Standard Book Number | 8089743 |
| 040 ## - CATALOGING SOURCE | |
| Original cataloging agency | CO-JMCR |
| Transcribing agency | CO-JMCR |
| 041 0# - LANGUAGE CODE | |
| Language code of text/sound track or separate title | spa |
| 082 04 - DEWEY DECIMAL CLASSIFICATION NUMBER | |
| Classification number | 170.4 / |
| Item number | O747l |
| Edition number | 23 |
| 100 1# - MAIN ENTRY--PERSONAL NAME | |
| Personal name | Orozco Vargas, Julio, |
| Relator term | autor |
| 9 (RLIN) | 4202 |
| 245 13 - TITLE STATEMENT | |
| Title | El libro de los valores / |
| Statement of responsibility, etc. | Julio Orozco Vargas ; ilustraciones, Sandra Ardila |
| 260 ## - PUBLICATION, DISTRIBUTION, ETC. | |
| Place of publication, distribution, etc. | Bogotá : |
| Name of publisher, distributor, etc. | El Tiempo, |
| Date of publication, distribution, etc. | ©2002 |
| 300 ## - PHYSICAL DESCRIPTION | |
| Extent | 159 páginas : |
| Other physical details | ilustraciones a color ; |
| Dimensions | 31 cm. |
| 505 0# - FORMATTED CONTENTS NOTE | |
| Formatted contents note | Honestidad -- Tolerancia -- Libertad -- Agradecimiento -- Solidaridad -- Bondad -- Justicia -- Amistad -- Responsabilidad -- Lealtad -- Respeto -- Fortaleza -- Generosidad -- Laboriosidad -- Perseverancia -- Humildad -- Prudencia -- Paz -- Frases de Valor |
| 650 14 - SUBJECT ADDED ENTRY--TOPICAL TERM | |
| Topical term or geographic name entry element | Valores (Filosofía) |
| General subdivision | Cuentos |
| 9 (RLIN) | 36438 |
| 650 14 - SUBJECT ADDED ENTRY--TOPICAL TERM | |
| Topical term or geographic name entry element | Valores sociales |
| General subdivision | Literatura juvenil |
| 9 (RLIN) | 36439 |
| 650 14 - SUBJECT ADDED ENTRY--TOPICAL TERM | |
| Topical term or geographic name entry element | Actividades creativas y trabajo de clase |
| 9 (RLIN) | 36440 |
| 700 1# - ADDED ENTRY--PERSONAL NAME | |
| Personal name | Ardila, Sandra, |
| Relator term | ilustradora |
| 9 (RLIN) | 4204 |
| 942 ## - ADDED ENTRY ELEMENTS (KOHA) | |
| Source of classification or shelving scheme | Dewey Decimal Classification |
| Koha item type | Books |
| Withdrawn status | Lost status | Source of classification or shelving scheme | Damaged status | Not for loan | Collection code | Home library | Current library | Date acquired | Source of acquisition | Total Checkouts | Total Renewals | Full call number | Barcode | Date last seen | Date last checked out | Copy number | Price effective from | Koha item type |
|---|---|---|---|---|---|---|---|---|---|---|---|---|---|---|---|---|---|---|
| Dewey Decimal Classification | Non-fiction | Biblioteca Pública José María del Castillo y Rada | Biblioteca Pública José María del Castillo y Rada | 10/02/2020 | Donación | 2 | 1 | 170.4 / O747l | 201507079 | 04/18/2023 | 03/23/2023 | Ej.1 | 03/23/2021 | Books |